WGA's 101 Funniest Screenplays - Statistics

General Stats
  • This quiz has been taken 30 times
  • The average score is 57 of 101
Answer Stats
Position Year Starring Answer % Correct
4 1980 Leslie Nielsen Airplane!
100%
67 1985 Michael J. Fox Back to the Future
100%
29 2006 Sacha Baron Cohen Borat
100%
14 1984 Bill Murray Ghostbusters
100%
1 1977 Woody Allen Annie Hall
95%
3 1993 Bill Murray Groundhog Day
95%
44 1988 Tom Hanks Big
89%
8 1974 Gene Wilder Blazing Saddles
89%
17 1933 Groucho Marx Duck Soup
89%
84 2004 Lindsay Lohan Mean Girls
89%
9 1975 John Cleese Monty Python and the Holy Grail
89%
2 1959 Marilyn Monroe Some Like It Hot
89%
13 1998 Jeff Bridges The Big Lebowski
89%
6 1974 Gene Wilder Young Frankenstein
89%
16 2011 Kristen Wiig Bridesmaids
84%
71 1995 Alicia Silverstone Clueless
84%
86 1996 Frances McDormand Fargo
84%
70 1987 Cher Moonstruck
84%
31 2005 Steve Carell The 40-Year-Old Virgin
84%
42 1988 Leslie Nielsen The Naked Gun
84%
18 1998 Cameron Diaz There's Something About Mary
84%
5 1982 Dustin Hoffman Tootsie
84%
50 2004 Simon Pegg Shaun of the Dead
79%
28 1960 Jack Lemmon The Apartment
79%
74 1980 Dan Aykroyd The Blues Brothers
79%
30 2009 Zach Galifianakis The Hangover
79%
15 1989 Meg Ryan When Harry Met Sally
79%
56 1997 Mike Myers Austin Powers: International Man of Mystery
74%
89 1984 Eddie Murphy Beverly Hills Cop
74%
7 1964 Peter Sellers Dr. Strangelove
74%
53 1994 Hugh Grant Four Weddings and a Funeral
74%
47 1934 Clark Gable It Happened One Night
74%
26 1979 Terry Gilliam Monty Python's Life of Brian
74%
10 1978 John Belushi National Lampoon's Animal House
74%
23 1987 Nicolas Cage Raising Arizona
74%
57 1926 Buster Keaton The General
74%
27 1967 Dustin Hoffman The Graduate
74%
19 1979 Steve Martin The Jerk
74%
54 - tie 2004 Will Ferrell Anchorman
68%
25 1980 Chevy Chase Caddyshack
68%
82 1936 Charlie Chaplin Modern Times
68%
33 - tie 1983 Dan Aykroyd Trading Places
68%
96 1950 Bette Davis All About Eve
63%
45 1983 Chevy Chase National Lampoon's Vacation
63%
65 1999 Trey Parker South Park: Bigger, Longer & Uncut
63%
22 1987 Robin Wright The Princess Bride
63%
98 2001 Gene Hackman The Royal Tenenbaums
63%
11 1984 Christopher Guest This is Spinal Tap
63%
90 1931 Charlie Chaplin City Lights
58%
75 1988 Eddie Murphy Coming to America
58%
64 2006 Abigail Breslin Little Miss Sunshine
58%
81 1979 Woody Allen Manhattan
58%
101 1998 Gwyneth Paltrow Shakespeare In Love
58%
68 2007 Michael Cera Superbad
58%
12 1967 Gene Wilder The Producers
58%
20 1988 Jamie Lee Curtis A Fish Called Wanda
53%
38 1935 Harpo Marx A Night at the Opera
53%
24 1938 Katharine Hepburn Bringing Up Baby
53%
99 1993 Robin Williams Mrs Doubtfire
53%
83 1992 Joe Pesci My Cousin Vinny
53%
41 1968 Jack Lemmon The Odd Couple
53%
73 1963 Peter Sellers The Pink Panther
53%
52 1981 Dudley Moore Arthur
47%
54 - tie 1994 Jim Carrey Dumb and Dumber
47%
77 1999 Reese Witherspoon Election
47%
91 2004 Paul Giamatti Sideways
47%
66 1979 Peter Sellers Being There
42%
63 2000 Jennifer Coolidge Best in Show
42%
48 1970 Donald Sutherland M*A*S*H
42%
39 1988 Jason Schwartzman Rushmore
42%
88 1981 Bill Murray Stripes
42%
94 1925 Charlie Chaplin The Gold Rush
42%
69 1971 Woody Allen Bananas
37%
85 2000 Ben Stiller Meet the Parents
37%
43 1999 Jennifer Aniston Office Space
37%
36 1987 Steve Martin Planes, Trains and Automobiles
37%
93 1996 Jon Favreau Swingers
37%
37 1940 Katharine Hepburn The Philadelphia Story
37%
51 1987 William Hurt Broadcast News
32%
61 1999 Tim Allen Galaxy Quest
32%
21 1940 Cary Grant His Girl Friday
32%
59 2005 Owen Wilson Wedding Crashers
32%
58 1972 Barbra Streisand What's Up Doc?
32%
97 1944 Cary Grant Arsenic and Old Lace
26%
49 1971 Ruth Gordon Harold and Maude
26%
40 1996 Eugene Levy Waiting for Guffman
26%
92 1984 Woody Allen Broadway Danny Rose
21%
100 1996 Ben Stiller Flirting With Disaster
21%
32 1941 Barbara Stanwyck Lady Eve
21%
60 1973 Woody Allen Sleeper
21%
35 1941 Veronica Lake Sullivan's Travels
21%
78 1975 Woody Allen Love and Death
16%
46 1988 Robert De Niro Midnight Run
16%
62 1963 Spencer Tracy It's a Mad, Mad, Mad, Mad World
11%
79 - tie 1985 Albert Brooks Lost in America
11%
79 - tie 1988 David Niven Dirty Rotten Scoundrels
5%
33 - tie 1986 Michael J. Fox Ferris Bueller's Day Off
5%
87 1982 Peter O'Toole My Favourite Year
5%
72 1942 Claudette Colbert The Palm Beach Story
5%
76 1969 Robert De Niro Take the Money and Run
0%
95 1944 Betty Hutton The Miracle of Morgan's Creek
0%
No matching quizzes found
Score Distribution
Percent of People with Each Score
Percentile by Number Answered
Your Score History
You have not taken this quiz